000 00320 a2200157 4500
001 57999
020 _a
040 _cAnchieta - Pituba
100 _aHeidenstam, Verner von
240 1 0 _aOs carolinos
_lpor
245 1 0 _aOs carolinos
300 _a280
362 0 _a1971
650 4 _aLiteratura sueca
942 _cBK
999 _c57999
_d57999